[Event "Leiden Noteboom Memorial 82nd"]
[Site "Leiden"]
[Date "2023.02.26"]
[Round "6"]
[White "Stolwijk, Colin"]
[Black "Pijpers, Arthur"]
[Result "0-1"]
[WhiteElo "2256"]
[BlackElo "2455"]
[PlyCount "48"]
[EventDate "2023.02.24"]
[EventType "swiss"]
[EventRounds "6"]
[EventCountry "NED"]
[SourceTitle "CBM 212 Extra"]
[Source "ChessBase"]
[SourceDate "2023.03.31"]
[SourceVersion "1"]
[SourceVersionDate "2023.03.31"]
[SourceQuality "1"]

1. e4 Nf6 2. e5 Nd5 3. d4 d6 4. Nf3 g6 5. h3 Bg7 6. c4 Nb6 7. Nc3 0-0 8. Bf4 Nc6 9. Be2 dxe5 10. dxe5 Be6 11. b3 Nd7 12. Rc1 Ndxe5 13. 0-0 Qd6 14. Kh1 Rad8 15. Nb5 Qc5 16. Be3 Rxd1 17. Bxd1 Qb4 18. Bd2 Bxc4 19. bxc4 Qb2 20. Rc2 Qb1 21. Nxe5 Nxe5 22. Nxc7 e6 23. Nb5 Nxc4 24. Rxc4 Qd3 0-1

[Event "Amsterdam Science Park op-A"]
[Site "Amsterdam"]
[Date "2022.07.22"]
[Round "5"]
[White "De Winter, Arthur"]
[Black "Stolwijk, Colin"]
[Result "1-0"]
[WhiteElo "2150"]
[BlackElo "2277"]
[PlyCount "95"]
[EventDate "2022.07.18"]
[EventType "swiss"]
[EventRounds "7"]
[EventCountry "NED"]
[SourceTitle "CBM 209 Extra"]
[Source "ChessBase"]
[SourceDate "2022.09.30"]
[SourceVersion "1"]
[SourceVersionDate "2022.09.30"]
[SourceQuality "1"]

1. e4 c6 2. Nf3 d5 3. Nc3 Bg4 4. h3 Bxf3 5. Qxf3 e6 6. d4 Nf6 7. exd5 cxd5 8. Bd3 Nc6 9. Ne2 Nb4 10. Bb5+ Nd7 11. Ba4 b5 12. Bb3 Be7 13. 0-0 Nf6 14. c3 Nc6 15. Bc2 0-0 16. g4 b4 17. Bf4 Rc8 18. Kg2 a5 19. h4 Nd7 20. Qd3 g6 21. h5 e5 22. hxg6 fxg6 23. dxe5 Ndxe5 24. Qe3 Bf6 25. Rad1 Qd7 26. Qh3 Qxg4+ 27. Qxg4 Nxg4 28. Rxd5 Bg7 29. Bg3 Rfe8 30. Bb3 a4 31. Bc4 Kh8 32. Ba6 Rcd8 33. Rxd8 Rxd8 34. Bb5 Nce5 35. Bxa4 Rd2 36. Rd1 Rxd1 37. Bxd1 Nd3 38. cxb4 Nxb4 39. a3 Nd5 40. b4 Bb2 41. Bb3 Bxa3 42. Bxd5 Bxb4 43. Be6 Nf6 44. Be5 Kg7 45. Nf4 Be7 46. Nd5 Bd8 47. f4 h6 48. Kh3 1-0

[Event "Amsterdam Science Park op-A"]
[Site "Amsterdam"]
[Date "2022.07.18"]
[Round "1"]
[White "Stolwijk, Colin"]
[Black "De Ruiter, Tom"]
[Result "1-0"]
[WhiteElo "2277"]
[BlackElo "2007"]
[PlyCount "115"]
[EventDate "2022.07.18"]
[EventType "swiss"]
[EventRounds "7"]
[EventCountry "NED"]
[SourceTitle "CBM 209 Extra"]
[Source "ChessBase"]
[SourceDate "2022.09.30"]
[SourceVersion "1"]
[SourceVersionDate "2022.09.30"]
[SourceQuality "1"]

1. e4 d6 2. d4 Nf6 3. Nc3 c6 4. Nf3 Bg4 5. h3 Bxf3 6. Qxf3 e6 7. e5 dxe5 8. dxe5 Nfd7 9. Bf4 Qa5 10. 0-0-0 Bb4 11. Ne4 0-0 12. Kb1 Nxe5 13. Qh5 Ng6 14. Qxa5 Bxa5 15. Bd6 Re8 16. Nc5 Bb6 17. g3 Nf8 18. Nxb7 Bxf2 19. Rd2 Bb6 20. c4 a5 21. c5 Ra7 22. cxb6 Rxb7 23. Bc7 Nfd7 24. Ba6 Nxa6 25. Rxd7 f6 26. g4 e5 27. g5 fxg5 28. Rf1 Nc5 29. Rd6 Ne4 30. Rd3 Nf6 31. Rc3 Re6 32. Rc5 Ne4 33. Rc2 Nf6 34. Rc5 Ne4 35. Rxa5 Nd2+ 36. Kc1 Nxf1 37. Ra8+ Kf7 38. Ra7 Rxb6 39. Bxb6+ Kg6 40. a4 e4 41. Kd1 e3 42. Ke1 e2 43. Rd7 h5 44. a5 Nh2 45. Rd3 g4 46. hxg4 hxg4 47. Re3 Nf3+ 48. Kxe2 Rd6 49. Rd3 Re6+ 50. Kf2 Ne5 51. Rd8 Nc4 52. Rb8 Rd6 53. b3 Nxb6 54. Rxb6 Kf5 55. a6 Ke4 56. a7 Rd2+ 57. Kg3 Ra2 58. Rb4+ 1-0

[Event "Amsterdam Science Park op-A"]
[Site "Amsterdam"]
[Date "2017.07.09"]
[Round "2"]
[White "Stolwijk, Colin"]
[Black "Gleizerov, Evgeny"]
[Result "1/2-1/2"]
[WhiteElo "2226"]
[BlackElo "2514"]
[PlyCount "73"]
[EventDate "2017.07.08"]
[EventType "swiss"]
[EventRounds "9"]
[EventCountry "NED"]
[SourceTitle "CBM 179 Extra"]
[Source "ChessBase"]
[SourceDate "2017.08.23"]
[SourceVersion "1"]
[SourceVersionDate "2017.08.23"]
[SourceQuality "1"]

1. e4 e6 2. d4 d5 3. Nd2 Nf6 4. e5 Nfd7 5. c3 c5 6. Bd3 Nc6 7. Ngf3 cxd4 8. cxd4 f6 9. exf6 Nxf6 10. 0-0 Bd6 11. b3 0-0 12. Bb2 Bd7 13. Re1 Qb6 14. a3 Rae8 15. h3 a5 16. Rc1 Re7 17. Nf1 Be8 18. Qc2 Ne4 19. Rxe4 dxe4 20. Bxe4 Bg6 21. Bxg6 hxg6 22. Qxg6 Rxf3 23. gxf3 Qxb3 24. d5 Qxb2 25. Rc2 Qxa3 26. dxc6 Qxf3 27. cxb7 Qxb7 28. Ne3 Bc7 29. Ng4 Qf3 30. Rc5 e5 31. Rc6 Qd1+ 32. Kh2 Kf8 33. Nf6 e4+ 34. Rxc7 Qd6+ 35. Kg2 Qxc7 36. Nh7+ Kg8 37. Nf6+ 1/2-1/2

[Event "Vlissingen HZ op 18th"]
[Site "Vlissingen"]
[Date "2014.08.08"]
[Round "8"]
[White "Zelbel, Patrick"]
[Black "Stolwijk, Colin"]
[Result "1-0"]
[WhiteElo "2410"]
[BlackElo "2164"]
[PlyCount "47"]
[EventDate "2014.08.02"]
[EventType "swiss"]
[EventRounds "9"]
[EventCountry "NED"]
[SourceTitle "CBM 161 Extra"]
[Source "ChessBase"]
[SourceDate "2014.08.29"]
[SourceVersion "1"]
[SourceVersionDate "2014.08.29"]
[SourceQuality "1"]

1. d4 d5 2. Bf4 Nf6 3. Nc3 c6 4. e3 Bf5 5. f3 e6 6. g4 Bg6 7. h4 h5 8. g5 Ng8 9. e4 Bb4 10. Qd3 Nd7 11. a3 Bxc3+ 12. Qxc3 dxe4 13. d5 e5 14. dxc6 bxc6 15. 0-0-0 exf4 16. Bh3 Kf8 17. Bxd7 Qb6 18. Ne2 Ne7 19. Nxf4 Kg8 20. Nxg6 fxg6 21. Be6+ Kh7 22. Rd7 Rhe8 23. Bf7 Nd5 24. Bxd5 1-0

[Event "Vlissingen HZ op 18th"]
[Site "Vlissingen"]
[Date "2014.08.04"]
[Round "4"]
[White "Schouten, Jordy"]
[Black "Stolwijk, Colin"]
[Result "1/2-1/2"]
[WhiteElo "1984"]
[BlackElo "2164"]
[PlyCount "115"]
[EventDate "2014.08.02"]
[EventType "swiss"]
[EventRounds "9"]
[EventCountry "NED"]
[SourceTitle "CBM 161 Extra"]
[Source "ChessBase"]
[SourceDate "2014.08.29"]
[SourceVersion "1"]
[SourceVersionDate "2014.08.29"]
[SourceQuality "1"]

1. e4 c6 2. d4 d5 3. Nc3 dxe4 4. Nxe4 Nf6 5. Nxf6+ gxf6 6. c3 Bf5 7. Nf3 e6 8. Bf4 Bd6 9. Qd2 Qc7 10. Bxd6 Qxd6 11. Bd3 Bxd3 12. Qxd3 Nd7 13. 0-0-0 0-0-0 14. g3 Qd5 15. Kb1 Ne5 16. Nxe5 fxe5 17. Rhe1 exd4 18. cxd4 Qh5 19. Re5 Qg6 20. Kc2 Rd6 21. Kc3 f6 22. Ra5 Kb8 23. f4 b6 24. Ra4 c5 25. Qa6 Qg7 26. Re1 Rc8 27. dxc5 Rxc5+ 28. Rc4 Rxc4+ 29. Qxc4 Qd7 30. Qe4 Qb5 31. Kc2 h5 32. Kb1 Rd2 33. b3 Rxh2 34. Qd4 Qf5+ 35. Re4 e5 36. Qd8+ Kb7 37. Qd5+ Kc7 38. Kc1 Rh1+ 39. Kb2 Rh2+ 40. Kc1 b5 41. Qc5+ Kd7 42. Qxb5+ Ke7 43. Qb7+ Qd7 44. Qxd7+ Kxd7 45. fxe5 fxe5 46. Rxe5 Rxa2 47. Rxh5 Rg2 48. Rg5 Ke6 49. Rg7 Kf6 50. Rxa7 Rxg3 51. Kb2 Ke6 52. Rc7 Kd6 53. Rc1 Rg5 54. Rc3 Rc5 55. Rh3 Kc6 56. b4 Rg5 57. Kb3 Kb5 58. Rc3 1/2-1/2

[Event "Dieren op"]
[Site "Dieren"]
[Date "2014.07.30"]
[Round "8"]
[White "Chalmeta Ugas, Ramon"]
[Black "Stolwijk, Colin"]
[Result "0-1"]
[WhiteElo "2292"]
[BlackElo "2075"]
[PlyCount "62"]
[EventDate "2014.07.22"]
[EventType "swiss"]
[EventRounds "9"]
[EventCountry "NED"]
[SourceTitle "CBM 161 Extra"]
[Source "ChessBase"]
[SourceDate "2014.08.29"]
[SourceVersion "1"]
[SourceVersionDate "2014.08.29"]
[SourceQuality "1"]

1. e4 c6 2. Nc3 d5 3. Nf3 dxe4 4. Nxe4 Nf6 5. Nxf6+ gxf6 6. d4 Bg4 7. Be2 e6 8. Bf4 Bd6 9. Qd2 Qc7 10. Bg3 Nd7 11. c4 0-0-0 12. b4 Bxg3 13. hxg3 Qd6 14. Rb1 Bxf3 15. Bxf3 Ne5 16. Rh4 Ng6 17. c5 Qd7 18. Rh6 Qxd4 19. Qxd4 Rxd4 20. b5 Kc7 21. b6+ axb6 22. cxb6+ Kd6 23. Rb2 Ne5 24. Ke2 f5 25. Rh1 Nc4 26. Rb4 Rd2+ 27. Ke1 Rc2 28. Rh4 Rc1+ 29. Bd1 Kc5 30. Ra4 Rd8 31. Ke2 Rdxd1 0-1

[Event "Dieren op"]
[Site "Dieren"]
[Date "2014.07.29"]
[Round "7"]
[White "Stolwijk, Colin"]
[Black "Gouw, Carol Peter"]
[Result "1-0"]
[WhiteElo "2075"]
[BlackElo "2110"]
[PlyCount "49"]
[EventDate "2014.07.22"]
[EventType "swiss"]
[EventRounds "9"]
[EventCountry "NED"]
[SourceTitle "CBM 161 Extra"]
[Source "ChessBase"]
[SourceDate "2014.08.29"]
[SourceVersion "1"]
[SourceVersionDate "2014.08.29"]
[SourceQuality "1"]

1. e4 d6 2. d4 Nf6 3. Nc3 g6 4. Be3 c6 5. f3 b5 6. Qd2 Nbd7 7. g4 Nb6 8. h4 h5 9. g5 Nfd7 10. d5 Ne5 11. dxc6 Nbc4 12. Bxc4 Nxc4 13. Qd3 Nxe3 14. Qxe3 Bg7 15. Nge2 0-0 16. Nd5 Bxb2 17. Rb1 e6 18. c7 Qd7 19. Nf6+ Bxf6 20. gxf6 Kh7 21. Nf4 Qxc7 22. Rg1 Qxc2 23. Rc1 Qh2 24. Nxg6 Rg8 25. Nf8+ 1-0

[Event "Dieren op"]
[Site "Dieren"]
[Date "2014.07.24"]
[Round "3"]
[White "Stolwijk, Colin"]
[Black "Van Foreest, Lucas"]
[Result "1-0"]
[WhiteElo "2075"]
[BlackElo "2192"]
[PlyCount "93"]
[EventDate "2014.07.22"]
[EventType "swiss"]
[EventRounds "9"]
[EventCountry "NED"]
[SourceTitle "CBM 161 Extra"]
[Source "ChessBase"]
[SourceDate "2014.08.29"]
[SourceVersion "1"]
[SourceVersionDate "2014.08.29"]
[SourceQuality "1"]

1. d4 Nf6 2. Nf3 g6 3. Bf4 Bg7 4. e3 d6 5. h3 Nbd7 6. Nbd2 c5 7. c3 0-0 8. Be2 b6 9. 0-0 Bb7 10. a4 a6 11. Qb3 e5 12. Bh2 Ne4 13. Rad1 Qc7 14. Nc4 Bc6 15. dxe5 dxe5 16. Rxd7 Bxd7 17. Qxb6 Qc8 18. Nfxe5 Be6 19. Nc6 Re8 20. Nd6 Nxd6 21. Bxd6 Bf6 22. Bf3 Bc4 23. Rd1 Qe6 24. Na5 Rad8 25. Qxc5 Bb3 26. Bg4 Qxg4 27. hxg4 Bxd1 28. g5 Bg7 29. Nc6 Rd7 30. Ne5 Rdd8 31. Qc7 Bb3 32. Nc6 Ra8 33. Qb7 Bc2 34. f3 Bf8 35. Bb8 Bc5 36. Qxa8 Bxe3+ 37. Kh2 Bf4+ 38. Kh3 Bf5+ 39. g4 Bd3 40. Ne7+ Kf8 41. Qd5 Bf1+ 42. Kh4 Bxb8 43. Nc6 Bc7 44. Qd4 Kg8 45. Qd7 Bb6 46. Qxe8+ Kg7 47. Qe5+ 1-0

[Event "NED-ch U17"]
[Site "Rotterdam"]
[Date "2014.05.03"]
[Round "8"]
[White "Lecomte, Robin"]
[Black "Stolwijk, Colin"]
[Result "1-0"]
[WhiteElo "2013"]
[BlackElo "2100"]
[PlyCount "87"]
[EventDate "2014.04.26"]
[EventType "swiss"]
[EventRounds "9"]
[EventCountry "NED"]
[SourceTitle "EXT 2016"]
[Source "ChessBase"]
[SourceDate "2015.10.08"]
[SourceVersion "1"]
[SourceVersionDate "2015.10.08"]
[SourceQuality "1"]

1. e4 e5 2. Nf3 Nc6 3. d4 exd4 4. Bc4 Be7 5. Nxd4 Nf6 6. Nxc6 dxc6 7. Qxd8+ Bxd8 8. Nc3 0-0 9. f3 Re8 10. Be3 Be6 11. Bxe6 Rxe6 12. 0-0-0 Be7 13. Rhe1 Bd6 14. g3 Nd7 15. Ne2 g6 16. Nd4 Re7 17. c3 Rae8 18. Bf4 Be5 19. Kc2 a6 20. Nb3 f6 21. Na5 Bxf4 22. gxf4 Rb8 23. h4 Nf8 24. Rg1 Kf7 25. h5 Ne6 26. hxg6+ hxg6 27. Rg4 g5 28. fxg5 fxg5 29. Rh1 Kf6 30. Nc4 Rd8 31. Ne3 Kg6 32. Nf5 Rh7 33. Rxh7 Kxh7 34. Nd4 Nxd4+ 35. cxd4 Rf8 36. Rxg5 Rxf3 37. e5 Kh6 38. Rg4 Rf7 39. Kd3 Rf2 40. e6 Rf8 41. Ke4 Rf2 42. Ke5 Re2+ 43. Kf6 Rf2+ 44. Ke7 1-0

[Event "NED-ch U17"]
[Site "Rotterdam"]
[Date "2014.04.29"]
[Round "4"]
[White "Gerlagh, Joris"]
[Black "Stolwijk, Colin"]
[Result "1-0"]
[WhiteElo "2072"]
[BlackElo "2100"]
[PlyCount "67"]
[EventDate "2014.04.26"]
[EventType "swiss"]
[EventRounds "9"]
[EventCountry "NED"]
[SourceTitle "EXT 2016"]
[Source "ChessBase"]
[SourceDate "2015.10.08"]
[SourceVersion "1"]
[SourceVersionDate "2015.10.08"]
[SourceQuality "1"]

1. e4 c6 2. c4 d5 3. exd5 cxd5 4. cxd5 Nf6 5. Nc3 Nxd5 6. Nf3 Nc6 7. Bb5 e6 8. 0-0 Be7 9. d4 0-0 10. Re1 Bd7 11. Bd3 Rc8 12. Bb1 g6 13. a3 Nxc3 14. bxc3 Na5 15. Ne5 Bc6 16. Qg4 Bf6 17. Bh6 Bg7 18. Bxg7 Kxg7 19. h4 Be8 20. Re3 h5 21. Qf4 Qc7 22. Rf3 f6 23. Be4 Bf7 24. Qxf6+ Kg8 25. Rg3 Be8 26. Rxg6+ Bxg6 27. Qxg6+ Kh8 28. Qxh5+ Kg8 29. Qg6+ Kh8 30. Qh6+ Kg8 31. Qxe6+ Kg7 32. Qg6+ Kh8 33. Qh6+ Kg8 34. Bd5+ 1-0

[Event "NED-ch U17"]
[Site "Rotterdam"]
[Date "2014.04.27"]
[Round "2"]
[White "Geene, Joris"]
[Black "Stolwijk, Colin"]
[Result "0-1"]
[WhiteElo "1729"]
[BlackElo "2100"]
[PlyCount "86"]
[EventDate "2014.04.26"]
[EventType "swiss"]
[EventRounds "9"]
[EventCountry "NED"]
[SourceTitle "EXT 2016"]
[Source "ChessBase"]
[SourceDate "2015.10.08"]
[SourceVersion "1"]
[SourceVersionDate "2015.10.08"]
[SourceQuality "1"]

1. e4 c6 2. d4 d5 3. Nc3 dxe4 4. Nxe4 Nf6 5. Ng3 h5 6. c3 h4 7. N3e2 Bf5 8. Nf4 e5 9. Qe2 e4 10. Bd2 Nbd7 11. f3 Qb6 12. Be3 0-0-0 13. fxe4 Bxe4 14. Ngh3 Re8 15. 0-0-0 Bf5 16. Re1 Ng4 17. Qd2 Qa5 18. Bc4 Ndf6 19. Ng5 Nd5 20. Nxd5 cxd5 21. Bb3 f6 22. Nf3 g6 23. Bf4 Be4 24. h3 Nh6 25. Qf2 g5 26. Bd2 Bd6 27. Nxh4 gxh4 28. Qxf6 Be7 29. Qe6+ Kb8 30. Qe5+ Qc7 31. Bf4 Qxe5 32. Bxe5+ Kc8 33. Bxh8 Bg5+ 34. Kd1 Rxh8 35. Rxe4 dxe4 36. Be6+ Kc7 37. Rf1 Kd6 38. d5 Ke5 39. Ke2 Rd8 40. c4 Bf4 41. b4 Nf5 42. Bxf5 Kxf5 43. c5 Rxd5 0-1

[Event "Groningen op-A 51st"]
[Site "Groningen"]
[Date "2013.12.22"]
[Round "2"]
[White "Ypma, Peter"]
[Black "Stolwijk, Colin"]
[Result "0-1"]
[WhiteElo "2179"]
[BlackElo "2041"]
[PlyCount "114"]
[EventDate "2013.12.21"]
[EventType "swiss"]
[EventRounds "9"]
[EventCountry "NED"]
[SourceTitle "CBM 158 Extra"]
[Source "ChessBase"]
[SourceDate "2014.02.28"]
[SourceVersion "1"]
[SourceVersionDate "2014.02.28"]
[SourceQuality "1"]

1. c4 c6 2. b3 d5 3. Bb2 Bf5 4. g3 Nd7 5. Bg2 Ngf6 6. Nf3 e6 7. 0-0 Bd6 8. d4 0-0 9. Nh4 Bg6 10. Nxg6 hxg6 11. c5 Be7 12. f4 Ne4 13. Nd2 Nxd2 14. Qxd2 f5 15. b4 a5 16. a3 axb4 17. axb4 b5 18. cxb6 Nxb6 19. Rac1 Qd7 20. Qd3 Bd6 21. Bc3 Ra3 22. Qb1 Nc4 23. Rf3 Rb8 24. Be1 Rxf3 25. exf3 Bxb4 26. Bf1 Qa7 27. Qa1 Qxa1 28. Rxa1 Bxe1 29. Rxe1 Nd2 30. Kf2 Kf7 31. Bd3 Rb3 32. Be2 Rb1 33. Rxb1 Nxb1 34. Ke3 Nc3 35. Ba6 Ke7 36. Bb7 Kd7 37. Ba6 Na4 38. Kd2 Kd6 39. Kc2 Nb6 40. Kc3 c5 41. Bb5 cxd4+ 42. Kxd4 Nd7 43. Ba4 e5+ 44. fxe5+ Nxe5 45. f4 Nf3+ 46. Ke3 Nxh2 47. Be8 g5 48. Bg6 Ke6 49. Bh7 Ng4+ 50. Kd4 Nf6 51. Bg6 g4 52. Ke3 Ne4 53. Bh7 Nxg3 54. Bg8+ Kd6 55. Bh7 Kc5 56. Kd3 Ne4 57. Bxf5 g3 0-1

[Event "Groningen op-A 51st"]
[Site "Groningen"]
[Date "2013.12.21"]
[Round "1"]
[White "Minko, Vladimir"]
[Black "Stolwijk, Colin"]
[Result "1-0"]
[WhiteElo "2327"]
[BlackElo "2041"]
[PlyCount "71"]
[EventDate "2013.12.21"]
[EventType "swiss"]
[EventRounds "9"]
[EventCountry "NED"]
[SourceTitle "CBM 158 Extra"]
[Source "ChessBase"]
[SourceDate "2014.02.28"]
[SourceVersion "1"]
[SourceVersionDate "2014.02.28"]
[SourceQuality "1"]

1. d4 Nf6 2. c4 c6 3. Nf3 d5 4. Qb3 a6 5. Nc3 dxc4 6. Qxc4 Bf5 7. g3 e6 8. Bg2 Nbd7 9. Qb3 Qb6 10. Qxb6 Nxb6 11. Ne5 Rd8 12. e4 Bg6 13. a3 c5 14. Nxg6 hxg6 15. dxc5 Bxc5 16. Bg5 Nc4 17. Rb1 Bd4 18. Nd1 Rd6 19. e5 Bxe5 20. Bxb7 Rb6 21. Rc1 Rxb7 22. Rxc4 Ke7 23. 0-0 Rd8 24. Ra4 Rd6 25. b4 Rc7 26. Ra5 Rcd7 27. Rxe5 Rxd1 28. Ra5 Rxf1+ 29. Kxf1 Rd6 30. a4 Kd7 31. b5 axb5 32. axb5 Kc8 33. Bxf6 gxf6 34. Ra7 Rd7 35. Rxd7 Kxd7 36. h4 1-0

[Event "Vlissingen HZ op 17th"]
[Site "Vlissingen"]
[Date "2013.08.06"]
[Round "5"]
[White "Stolwijk, Colin"]
[Black "Verstraeten, Roland"]
[Result "0-1"]
[WhiteElo "2036"]
[BlackElo "2281"]
[PlyCount "78"]
[EventDate "2013.08.03"]
[EventType "swiss"]
[EventRounds "9"]
[EventCountry "NED"]
[SourceTitle "CBM 155 Extra"]
[Source "ChessBase"]
[SourceDate "2013.08.26"]
[SourceVersion "1"]
[SourceVersionDate "2013.08.26"]
[SourceQuality "1"]

1. e4 c5 2. c3 d5 3. exd5 Qxd5 4. d4 Nc6 5. Nf3 Bf5 6. Be3 cxd4 7. cxd4 Bxb1 8. Rxb1 e6 9. a3 Nf6 10. Qc2 Bd6 11. Bc4 Qh5 12. Be2 Qg6 13. Qxg6 hxg6 14. 0-0 g5 15. g3 g4 16. Nd2 0-0-0 17. f3 Bc7 18. Nb3 Nd5 19. Bd2 Bb6 20. fxg4 Nxd4 21. Nxd4 Bxd4+ 22. Kg2 f6 23. Bf3 Rd6 24. Rfd1 Rhd8 25. h4 e5 26. Kh2 Kb8 27. b3 Bc3 28. Bc1 Ba5 29. Bd2 Bxd2 30. Rxd2 Nc3 31. Rxd6 Rxd6 32. Rb2 e4 33. Rc2 Rd3 34. Be2 Nxe2 35. Rxe2 e3 36. Kg2 Rxb3 37. g5 fxg5 38. hxg5 Rxa3 39. Kf3 Kc7 0-1

[Event "Vlissingen HZ op 17th"]
[Site "Vlissingen"]
[Date "2013.08.04"]
[Round "2"]
[White "L'Ami, Alina"]
[Black "Stolwijk, Colin"]
[Result "1-0"]
[WhiteElo "2358"]
[BlackElo "2036"]
[PlyCount "59"]
[EventDate "2013.08.03"]
[EventType "swiss"]
[EventRounds "9"]
[EventCountry "NED"]
[SourceTitle "CBM 155 Extra"]
[Source "ChessBase"]
[SourceDate "2013.08.26"]
[SourceVersion "1"]
[SourceVersionDate "2013.08.26"]
[SourceQuality "1"]

1. d4 Nf6 2. c4 e6 3. Nc3 Bb4 4. e3 0-0 5. Bd3 d5 6. Nf3 c5 7. 0-0 b6 8. cxd5 exd5 9. dxc5 bxc5 10. a3 Bxc3 11. bxc3 Qa5 12. Qc2 c4 13. Be2 Bd7 14. a4 Na6 15. Ne5 Rfb8 16. e4 dxe4 17. Bf4 Rc8 18. Nxc4 Qf5 19. Bg3 Qc5 20. Nd6 Rc6 21. Rfd1 Nb4 22. Qb3 Nbd5 23. c4 Rb6 24. Qa3 Qxa3 25. Rxa3 Rb2 26. Kf1 Bxa4 27. Rc1 Nb6 28. c5 Rd2 29. cxb6 axb6 30. Rxa4 1-0

[Event "Amsterdam Science Park op-A 3rd"]
[Site "Amsterdam"]
[Date "2013.07.10"]
[Round "5"]
[White "Kremer, Mark"]
[Black "Stolwijk, Colin"]
[Result "0-1"]
[WhiteElo "2250"]
[BlackElo "1989"]
[PlyCount "68"]
[EventDate "2013.07.06"]
[EventType "swiss"]
[EventRounds "9"]
[EventCountry "NED"]
[SourceTitle "CBM 155 Extra"]
[Source "ChessBase"]
[SourceDate "2013.08.26"]
[SourceVersion "1"]
[SourceVersionDate "2013.08.26"]
[SourceQuality "1"]

1. e4 c6 2. d4 d5 3. Nc3 dxe4 4. Nxe4 Nf6 5. Nxf6+ gxf6 6. Bc4 Bf5 7. Ne2 e6 8. 0-0 Bd6 9. Bh6 Nd7 10. Ng3 Bg6 11. f4 Qc7 12. f5 Bxg3 13. hxg3 Bxf5 14. Rxf5 exf5 15. Qe2+ Kd8 16. Bf4 Qb6 17. Re1 Qxd4+ 18. Kh2 Qe4 19. Qd2 Qxc4 20. Qd6 Qe4 21. Qc7+ Ke7 22. Bd6+ Ke6 23. Bb4 c5 24. Bc3 Qxe1 25. Bxe1 b6 26. Qc6+ Ke7 27. Qf3 Ne5 28. Qxf5 Rhg8 29. Bd2 Rad8 30. Bf4 Ng4+ 31. Kh3 Rd1 32. Qe4+ Kf8 33. Qa8+ Kg7 34. Qf3 Kh8 0-1

[Event "Amsterdam Science Park op-A 3rd"]
[Site "Amsterdam"]
[Date "2013.07.09"]
[Round "4"]
[White "Stolwijk, Colin"]
[Black "Mijnheer, Peter"]
[Result "1-0"]
[WhiteElo "1989"]
[BlackElo "2187"]
[PlyCount "91"]
[EventDate "2013.07.06"]
[EventType "swiss"]
[EventRounds "9"]
[EventCountry "NED"]
[SourceTitle "CBM 155 Extra"]
[Source "ChessBase"]
[SourceDate "2013.08.26"]
[SourceVersion "1"]
[SourceVersionDate "2013.08.26"]
[SourceQuality "1"]

1. e4 d6 2. d4 Nf6 3. Nc3 g6 4. Be3 Bg7 5. Qd2 c6 6. f3 Qa5 7. 0-0-0 b5 8. Kb1 Nbd7 9. Nd5 Qxd2 10. Nxf6+ Bxf6 11. Rxd2 Bb7 12. c3 a6 13. g4 e6 14. g5 Be7 15. h4 c5 16. h5 Rg8 17. hxg6 hxg6 18. Bd3 d5 19. e5 b4 20. Bc2 Nb6 21. Rdh2 bxc3 22. bxc3 Nc4 23. Ba4+ Kf8 24. Bc1 Rb8 25. Ka1 cxd4 26. cxd4 Bb4 27. Rc2 Rc8 28. Ne2 Bc6 29. Bxc6 Rxc6 30. Nf4 Na5 31. Kb1 Rxc2 32. Kxc2 Kg7 33. Bd2 Rc8+ 34. Kd3 Bxd2 35. Kxd2 Nc4+ 36. Ke2 Rb8 37. Nd3 Rb5 38. a4 Rb3 39. Nc5 Rb2+ 40. Kd3 a5 41. Nd7 Rf2 42. Nf6 Rxf3+ 43. Kc2 Rxf6 44. gxf6+ Kg8 45. Rh3 g5 46. Rg3 1-0

[Event "Amsterdam Science Park op-A 3rd"]
[Site "Amsterdam"]
[Date "2013.07.08"]
[Round "3"]
[White "Stolwijk, Colin"]
[Black "Schoehuys, Erik"]
[Result "1-0"]
[WhiteElo "1989"]
[BlackElo "2196"]
[PlyCount "117"]
[EventDate "2013.07.06"]
[EventType "swiss"]
[EventRounds "9"]
[EventCountry "NED"]
[SourceTitle "CBM 155 Extra"]
[Source "ChessBase"]
[SourceDate "2013.08.26"]
[SourceVersion "1"]
[SourceVersionDate "2013.08.26"]
[SourceQuality "1"]

1. e4 e5 2. Bc4 Nf6 3. d3 Be7 4. Nf3 d6 5. 0-0 0-0 6. Re1 c6 7. Bb3 Nbd7 8. c3 Qc7 9. d4 b5 10. Nbd2 Bb7 11. Nf1 c5 12. Ng3 Rfe8 13. a4 a6 14. axb5 axb5 15. Rxa8 Bxa8 16. Ba2 c4 17. Bb1 Bf8 18. Nh4 g6 19. f4 Bb7 20. f5 Ra8 21. fxg6 hxg6 22. d5 Ra1 23. Be3 Qd8 24. Bg5 Be7 25. Nf3 Qb6+ 26. Be3 Nc5 27. Nd2 Bc8 28. h3 Qc7 29. Qe2 Nh7 30. Rf1 Bg5 31. Bxg5 Nxg5 32. h4 Nh7 33. h5 Qe7 34. Qf3 Na4 35. b3 cxb3 36. Nxb3 Ra3 37. Bc2 Ra2 38. hxg6 fxg6 39. Bd1 Kg7 40. Qd3 Qc7 41. Nc1 Rb2 42. Nge2 Qa7+ 43. Kh1 Qe7 44. Qf3 Nf6 45. Nd3 Bg4 46. Qe3 Rb1 47. Ndc1 Nc5 48. Bc2 Rb2 49. Bd3 Bd7 50. Qf3 Ng4 51. Kg1 Nf6 52. Qe3 Bg4 53. Ng3 Nxd3 54. Nxd3 Rc2 55. Nb4 Rb2 56. Qg5 Rb3 57. Rxf6 Qxf6 58. Qxg4 Rxc3 59. Nh5+ 1-0

[Event "Haarlem Nova College op-A 12th"]
[Site "Haarlem"]
[Date "2013.06.30"]
[Round "6"]
[White "L'Ami, Erwin"]
[Black "Stolwijk, Colin"]
[Result "1-0"]
[WhiteElo "2640"]
[BlackElo "1989"]
[PlyCount "59"]
[EventDate "2013.06.28"]
[EventType "swiss"]
[EventRounds "6"]
[EventCountry "NED"]
[SourceTitle "EXT 2015"]
[Source "ChessBase"]
[SourceDate "2014.11.20"]
[SourceVersion "1"]
[SourceVersionDate "2014.11.20"]
[SourceQuality "1"]

1. d4 d5 2. c4 c6 3. Nf3 Nf6 4. Nc3 a6 5. Bg5 b5 6. cxd5 cxd5 7. e3 Bg4 8. Bd3 e6 9. 0-0 Be7 10. h3 Bxf3 11. Qxf3 Nbd7 12. a4 b4 13. Nb1 0-0 14. Qe2 Qb6 15. Nd2 Rfc8 16. a5 Qb7 17. Nb3 Bd6 18. Rfc1 Ne8 19. Rxc8 Qxc8 20. Rc1 Qb7 21. e4 Nc7 22. e5 Bf8 23. Qc2 Ra7 24. Bxh7+ Kh8 25. Bd3 g6 26. h4 Bg7 27. h5 gxh5 28. Qe2 Kg8 29. Qxh5 Kf8 30. Qh4 1-0

[Event "Haarlem Nova College op-A 12th"]
[Site "Haarlem"]
[Date "2013.06.30"]
[Round "5"]
[White "Stolwijk, Colin"]
[Black "Zwirs, Jasper"]
[Result "1/2-1/2"]
[WhiteElo "1989"]
[BlackElo "1904"]
[PlyCount "60"]
[EventDate "2013.06.28"]
[EventType "swiss"]
[EventRounds "6"]
[EventCountry "NED"]
[SourceTitle "EXT 2015"]
[Source "ChessBase"]
[SourceDate "2014.11.20"]
[SourceVersion "1"]
[SourceVersionDate "2014.11.20"]
[SourceQuality "1"]

1. e4 c5 2. Nf3 g6 3. c3 Bg7 4. d4 cxd4 5. cxd4 d5 6. exd5 Nf6 7. Bb5+ Nbd7 8. d6 0-0 9. dxe7 Qxe7+ 10. Be2 Re8 11. Nc3 Ne4 12. Nxe4 Qxe4 13. Be3 Nb6 14. Bd3 Qg4 15. 0-0 Nd5 16. Re1 Bd7 17. Nd2 Nxe3 18. fxe3 Qg5 19. Qf3 Bc6 20. Qg3 Qe7 21. Re2 Rad8 22. Bc4 Kh8 23. Rf1 f5 24. Nf3 Bxf3 25. Qxf3 a6 26. Bd3 Qb4 27. Rc1 Rc8 28. Rxc8 Rxc8 29. Qf1 Qa4 30. a3 Qb3 1/2-1/2